00845nam a22002297a 4500008004100000040001800041041000800059100001800067245006600085250001100151260006300162300002600225490004600251500010000297650003200397650002000429650003500449650004300484650002900527650002900556700003000585130821s1954 it gr ita  aCo-BoUCMbspa00aita aSturzo, Luigi03aLacomunit internazionale e il diritto di guerracLuigi Sturzo a1a. ed aBolonia (Emilia-Romaña, Itlaia)bNicola Zanichellic1954 axlviii, 346 páginas aOpera Omnia di Luigi Sturzo; serie 1, v.2 aIncluye bibliografía e índice. -- Este libro se encuentra en el depósito de la biblioteca04aCooperación internacional04aDerecho militar04aGuerra (Derecho internacional)04aGuerra aérea (Derecho internacional)04aGuerraxDerechos civiles04aSociedad de las naciones aMolina Pico, Isabel.eTra